Progress in Education /

Saved in:
Bibliographic Details
Other Authors: Nata, Roberta V. (Editor)
Format: Book
Language:English
Published: New York : Nova Science Publishers, 2017
Edition:1. vyd.
Series:Volume 44
Subjects:
Tags: Add Tag
No Tags, Be the first to tag this record!

MARC

LEADER 00000nam a22000003a 4500
001 0023192
003 SK-STU
005 20191213083652.0
007 ta
008 170404s ----xo-----e------000-0-----d
020 |a 978-1-53610-626-8 
040 |a STU  |b slo 
041 0 |a eng 
044 |a xxu 
100 1 |a Nata, Roberta V.  |4 edt  |r Z6 
245 1 0 |a Progress in Education /  |c ed. Roberta V Nata 
250 |a 1. vyd. 
260 |a New York :  |b Nova Science Publishers,  |c 2017 
300 |a 210 s. 
490 1 |a Volume 44 
650 4 |a vzdelávanie 
650 4 |a educational environment 
996 |b 284AU07030  |c A* 10262/U  |l AAKNST  |s P  |a 0  |w 0023192_0001